000 00980cam a2200265 a 4500
001 2144007
003 ARRUPE
005 20140203111835.0
008 980928s1999 enk b 001 0 eng
010 _a 98040809
020 _a0745611672 (alk. paper)
020 _a0745611680 (pbk. : alk. paper)
040 _aDLC
_cDLC
_dDLC
050 0 0 _aB2430.D484
_bH69 1998
100 1 _aHowells, Christina.
_97651
245 1 0 _aDerrida :
_bdeconstruction from phenomenology to ethics /
_cChristina Howells.
260 _aCambridge, UK ;
_aMalden, MA :
_bPolity Press,
_c1998
300 _a175 p. ;
_c24 cm.
504 _aIncludes bibliographical references (p. [163]-169) and index.
600 1 0 _aDerrida, Jacques.
_97652
650 0 _aDeconstruction.
_97653
906 _a7
_bcbc
_corignew
_d1
_eocip
_f19
_gy-gencatlg
942 _2lcc
_cMONOGRAPH
999 _c119863
_d119863